Normal view
MARC view
Entry Personal Name
001 - CONTROL NUMBER
- control field: 4118
003 - CONTROL NUMBER IDENTIFIER
- control field: OSt
005 - DATE AND TIME OF LATEST TRANSACTION
- control field: 20211105132517.0
008 - FIXED-LENGTH DATA ELEMENTS
- fixed length control field: 211105|| aca||aabn | a|a d
040 ## - CATALOGING SOURCE
- Original cataloging agency: OSt
- Transcribing agency: OSt
100 ## - HEADING--PERSONAL NAME
- Personal name: Woltjer, L., ed
670 ## - SOURCE DATA FOUND
- Source citation: Work cat.: (OSt): Conference on the Distribution and Motion of Interstellar Matter in Galaxies Princeton, New Jersey 1961 Apr. 10-20 4117, The distribution and motion of interstellar matter in galaxies, 1962